Movies Quiz

Random Movies or Box Office Quiz

WEDDING DAZE Quiz Stats

 Plays Quiz not verified by Sporcle

Challenge
Share
Tweet
Embed
Score 0/15 Timer 06:00
0 Plays Today
ALL - TIME GROSS in MILLIONS MOVIE TITLE % Correct
$209Wedding Crashers
74.5%
$80The Wedding Singer
69%
$241My Big Fat Greek Wedding
64.8%
$127My Best Friend's Wedding
64.1%
$60The Wedding Planner
57.2%
$31The Wedding Date
35.2%
$104American Wedding
31%
$15Muriel's Wedding
22.1%
ALL - TIME GROSS in MILLIONS MOVIE TITLE % Correct
$19Betsy's Wedding
6.2%
$13Monsoon Wedding
3.4%
$15,000My First Wedding
2.8%
$20Our Family Wedding
2.1%
$7The Wedding Banquet
1.4%
$692,000Polish Wedding
1.4%
$72,000Samoan Wedding
0.7%

You're not logged in!

Compare scores with friends on all Sporcle quizzes.
OR
Log In

You Might Also Like...

Show Comments

Extras

Top Quizzes Today


Score Distribution

Your Account Isn't Verified!

In order to create a playlist on Sporcle, you need to verify the email address you used during registration. Go to your Sporcle Settings to finish the process.

Report this User

Report this user for behavior that violates our Community Guidelines.

Details: